[Event "EICC 2017"]
[Site "Minsk"]
[Date "2017.06.10"]
[Round "11"]
[White "Haznedaroglu, Kivanc"]
[Black "Bartel, Mateusz"]
[Result "0-1"]
[WhiteElo "2501"]
[BlackElo "2637"]
[Annotator "TA"]
[PlyCount "86"]
[EventDate "2017.??.??"]
[EventCountry "BLR"]
[SourceTitle "playchess.com"]
[Source "ChessBase"]
[SourceQuality "1"]

{[%evp 11,86,30,33,9,7,3,22,12,24,11,39,0,36,4,0,0,0,7,18,8,0,-9,-18,-11,16,-4,0,-14,-11,-11,-12,-98,-102,-115,-8,-2,0,0,90,0,0,0,0,0,0,0,0,0,0,-260,-246,-258,-236,-427,-345,-331,-281,-369,-357,-393,-396,-468,-451,-479,-500,-556,-572,-584,-570,-653,-693,-684,-687,-679,-638,-620,-593]} 1. c4 b6 2. Nf3 Bb7 3. g3 g6 4. Bg2 Bg7 5. O-O Nf6 6. d4 O-O 7. b3 {A50: Queen's Fianchetto Defence (1 d4 Nf6 2 c4 b6)} e6 8. Bb2 Re8 $146 ({Predecessor:} 8... c5 9. Nc3 Na6 10. e3 Qe7 11. Qe2 d5 12. cxd5 exd5 13. a3 Nc7 14. Rfd1 Rfd8 15. Rac1 Ba6 16. Qe1 Ne6 17. Na4 Bb5 {0-1 (37) Praggnanandhaa,R (2455)-Iturrizaga Bonelli,E (2673) Sharjah 2017}) 9. Nc3 {The position is equal.} d5 10. Rc1 a6 11. e3 Nbd7 12. Qe2 dxc4 13. bxc4 c5 14. Rfd1 cxd4 15. exd4 Qc7 (15... b5 $5) 16. Nd2 Bxg2 17. Kxg2 e5 (17... b5 $5) 18. d5 e4 19. Nb3 Rac8 20. Na4 Qd6 21. c5 (21. Bd4 $11 {keeps the balance.}) 21... bxc5 $17 22. Na5 Rb8 ({Black should try} 22... Nxd5 $17 {Strongly threatening ...Bxb2.} 23. Bxg7 Kxg7 24. Qb2+ N7f6) 23. Nc4 $11 Qf8 24. Ba3 Nh5 (24... Rb5 $11 {remains equal.}) 25. Nxc5 (25. d6 $16) 25... Nxc5 26. Na5 $1 Ne6 27. Bxf8 Nef4+ 28. gxf4 Nxf4+ 29. Kf1 Nxe2 30. Bxg7 $4 {[%mdl 8192] [#]} (30. Kxe2 $11 Rb2+ 31. Kf1 Rxf8 32. Nc6) 30... Nxc1 $19 31. Bf6 Nd3 ({Don't take} 31... Nxa2 32. d6 $19) 32. Nc6 $2 (32. d6 Re6 33. Be7) 32... Rb6 33. a4 a5 34. h4 Kf8 35. h5 gxh5 36. Bd4 Rb7 {Black is clearly winning.} 37. Be3 f5 {[%cal Bf7f5,Bf5f4,Bf4f3][%mdl 32]} 38. Nxa5 Rd7 39. d6 f4 40. Bb6 Ra8 41. Bc7 f3 42. Nc4 {intending Nb6.} Rg7 43. Nd2 Nc5 {Precision: White = 28%, Black = 47%.} 0-1

[Event "EICC 2017"]
[Site "Minsk"]
[Date "2017.06.10"]
[Round "11"]
[White "Shevchenko, Kirill"]
[Black "Gledura, Benjamin"]
[Result "1-0"]
[WhiteElo "2491"]
[BlackElo "2602"]
[Annotator "TA"]
[PlyCount "129"]
[EventDate "2017.??.??"]
[EventCountry "BLR"]
[SourceTitle "playchess.com"]
[Source "ChessBase"]
[SourceQuality "1"]

{[%evp 26,129,39,39,36,17,24,12,13,3,16,0,0,0,6,0,33,25,59,45,41,39,160,156,152,77,79,91,391,72,72,0,135,133,230,177,200,172,191,178,182,178,173,183,169,165,173,108,158,176,216,214,581,581,433,0,202,199,196,199,204,190,196,202,190,158,151,103,138,131,133,105,168,44,110,25,25,25,24,16,29,23,41,44,44,21,39,0,0,0,0,0,0,0,0,0,8,8,8,8,8,0,20,15,2402,9555]} 1. e4 e5 2. Nf3 Nc6 3. Bb5 {[%cal Bf1b5,Bb5a4,Ba4b3][%mdl 32]} a6 4. Ba4 Nf6 5. O-O Be7 6. Re1 b5 7. Bb3 O-O 8. a4 Bb7 9. d3 d6 10. Bd2 Qd7 11. Nc3 Nd4 12. Nxd4 {C88: Closed Ruy Lopez: Anti-Marshall Systems} exd4 13. Ne2 c5 14. Ng3 {LiveBook: 3 Games. White is slightly better.} g6 {[#]} 15. Qf3 $146 ({Predecessor:} 15. c3 dxc3 16. Bxc3 d5 17. Qf3 d4 18. Bd2 Qg4 19. Qxg4 Nxg4 {1-0 (47) Carlsen,M (2625)-Pedersen,N (2516) Aalborg 2006}) 15... Ng4 16. axb5 axb5 17. Rxa8 Bxa8 18. Qe2 Bh4 19. h3 Ne5 20. Kh2 Qe7 21. Bh6 $36 {[%mdl 2048] White has good play.} Re8 22. f4 $1 {[%cal Rf4e5]} c4 23. dxc4 Nd7 (23... Nxc4 $14 24. Bxc4 bxc4) 24. cxb5 $16 Nc5 25. Qg4 ({White should play} 25. Qc4) 25... Bxg3+ (25... Nxb3 $2 26. Nf5 $18) 26. Qxg3 ({Don't play} 26. Kxg3 Nxe4+ 27. Rxe4 (27. Kh2 Nf2 $17) 27... Bxe4 $17) 26... d3 $2 {[%mdl 8192]} (26... Nxe4 $16 {was called for.} 27. Bg5 Qd7) 27. Bg5 $2 (27. Ba2 $18) 27... Qd7 28. e5 (28. b6 $16) 28... d2 (28... Qxb5 $11 {keeps the balance.} 29. exd6 Rxe1 30. Qxe1 Ne4) 29. Rd1 $1 Ne4 (29... Qf5 $16 {keeps fighting.}) 30. Qd3 $18 Qb7 31. Rxd2 Nxd2 32. Qxd2 dxe5 33. fxe5 Qxb5 34. Bf6 Qb7 {[#]} 35. Bc4 $1 {[%cal Rc4f1]} h6 36. b3 (36. h4 $18) 36... g5 37. h4 gxh4 38. Bf1 ({And not} 38. Bxh4 Rxe5 39. Qd8+ Kh7 $11) 38... Kh7 $2 {[#]} (38... Qe4 {is a better chance.}) 39. Bd3+ $1 Kg8 40. Bf1 $2 (40. Qe2 $18 {White threatens Qg4+ and mate.} Qxg2+ 41. Qxg2+ Bxg2 42. Kxg2) 40... Qe4 $2 (40... Kh7 $11) 41. Qxh6 {[%csl Gf6][%cal Rh6h8]} Qh7 42. Qg5+ ({Inferior is} 42. Qxh4 Qxh4+ 43. Bxh4 Rxe5 $14) 42... Qg6 43. Qxh4 {[%csl Gf6][%cal Rh4h8]} Qh7 44. Qxh7+ Kxh7 {[%mdl 4096] Endgame KRB-KB} 45. Bd3+ Kg8 46. g4 Kf8 47. Kg3 Bd5 48. Kf4 Rc8 (48... Rb8 $16) 49. c4 (49. Ke3 $18) 49... Be6 $14 50. Ke4 (50. g5 $16) 50... Rb8 $11 51. Bc2 {And now g5 would win.} Bxg4 52. Kd4 Be6 53. Kc3 Ke8 54. b4 {[%cal Bb3b4,Bb4b5][%mdl 32] aiming for Ba4+.} Kd7 55. b5 Rg8 56. c5 Rg4 $1 {[%cal Rg4c4]} 57. Bd3 Rg3 {Strongly threatening ...Bf5.} 58. Kd4 Rg4+ 59. Ke3 Rg3+ 60. Ke2 Rg2+ 61. Kf3 Rb2 62. Bg7 Rb3 63. Ke4 Bh3 (63... Bf5+ $5 64. Kxf5 Rxd3 $11) 64. Be2 Rb2 $2 {[%mdl 8192]} (64... Rb4+ $11 65. Ke3 Be6) 65. e6+ $1 {Precision: White = 46%, Black = 52%.} 1-0

[Event "EICC 2017"]
[Site "Minsk"]
[Date "2017.06.10"]
[Round "11"]
[White "Hamitevici, Vladimir"]
[Black "Lopez Martinez, Josep Manuel"]
[Result "1-0"]
[WhiteElo "2490"]
[BlackElo "2597"]
[Annotator "RC"]
[PlyCount "109"]
[EventDate "2017.??.??"]
[EventCountry "BLR"]
[SourceTitle "playchess.com"]
[Source "ChessBase"]
[SourceQuality "1"]
[TimeControl "40/5400+30:1800+30"]

1. Nf3 {[%emt 0:00:00]} e6 {[%emt 0:01:40]} 2. g3 {[%emt 0:00:02]} d5 {[%emt 0:02:20]} 3. Bg2 {[%emt 0:00:09]} Nf6 {[%emt 0:00:12]} 4. O-O {[%emt 0:00:23]} Be7 {[%emt 0:00:17]} 5. b3 {[%emt 0:01:41]} O-O {[%emt 0:00:34]} 6. Bb2 {[%emt 0:00:44]} c5 {[%emt 0:00:43]} 7. c4 {[%emt 0:01:08]} dxc4 {[%emt 0:04:46]} 8. bxc4 {[%emt 0:00:13]} Nc6 {[%emt 0:00:05]} 9. d3 {[%emt 0:02:12]} Qc7 {[%emt 0:01:11]} 10. e3 {[%emt 0:01:43]} Rd8 {[%emt 0:00:20]} 11. Qe2 {[%emt 0:00:11]} a6 {[%emt 0:03:11]} 12. Rc1 {[%emt 0:04:56]} b6 {[%emt 0:01:25]} 13. Ne1 {[%emt 0:01:31]} Bb7 {[%emt 0:00:13]} 14. f4 {[%emt 0:00:17]} Nb4 {[%emt 0:01:18]} 15. a3 {[%emt 0:05:59]} Bxg2 {[%emt 0:03:15]} 16. Qxg2 {[%emt 0:00:12]} Nc6 {[%emt 0:00:16]} 17. Nd2 {[%emt 0:01:41]} Rac8 {[%emt 0:01:04]} 18. Rab1 {[%emt 0:01:50]} Rd7 {[%emt 0:03:52]} 19. Ndf3 {[%emt 0:06:14]} Qd8 {[%emt 0:00:31]} 20. Qe2 {[%emt 0:02:44]} Ne8 {[%emt 0:00:36]} 21. Ba1 {[%emt 0:08:53]} Rb8 {[%emt 0:02:59]} 22. Ne5 {[%emt 0:01:05]} Nxe5 {[%emt 0:00:59]} 23. Bxe5 {[%emt 0:00:30]} Rbb7 {[%emt 0:00:28]} 24. a4 {[%emt 0:02:40]} a5 {[%emt 0:00:15]} 25. Rb3 {[%emt 0:01:05]} Bd6 {[%emt 0:00:35]} 26. Bc3 {[%emt 0:00:58]} Qc8 {[%emt 0:00:59]} 27. Qg2 {[%emt 0:03:51]} Bc7 {[%emt 0:01:12]} 28. Rcb1 {[%emt 0:03:06]} Ra7 {[%emt 0:00:55]} 29. Kf1 {[%emt 0:12:33]} Rd8 {[%emt 0:04:12]} 30. Qc6 {[%emt 0:00:54]} Rd6 {[%emt 0:02:21]} 31. Qe4 {[%emt 0:00:20]} Bd8 {[%emt 0:01:10]} 32. g4 {[%emt 0:00:46]} Qd7 {[%emt 0:00:47]} 33. Be5 {[%emt 0:00:53]} Rc6 {[%emt 0:00:06]} 34. g5 {[%emt 0:01:06]} Rc8 {[%emt 0:00:37]} 35. Ra3 {[%emt 0:01:30]} f6 {[%emt 0:03:23]} 36. gxf6 {[%emt 0:03:41]} gxf6 {[%emt 0:00:09]} 37. Ba1 {[%emt 0:00:25]} Ng7 {[%emt 0:01:07]} 38. Qg2 {[%emt 0:01:24]} Kh8 {[%emt 0:00:26]} 39. Nf3 {[%emt 0:03:04]} Qe8 {[%emt 0:00:28]} 40. Qh3 {[%emt 0:00:00]} Rd7 {[%emt 0:10:55]} 41. Ke2 {[%emt 0:02:02]} Rc6 {[%emt 0:07:24]} 42. Rg1 {[%emt 0:01:06]} Rcd6 {[%emt 0:00:20]} 43. Nd2 {[%emt 0:06:35]} Rf7 {[%emt 0:03:47]} 44. Ne4 {[%emt 0:00:55]} Rdd7 {[%emt 0:00:05]} 45. Rg6 {[%emt 0:03:54]} Qf8 {[%emt 0:09:42]} 46. Rb3 {[%emt 0:01:38]} Kg8 {[%emt 0:01:09]} 47. Rg2 {[%emt 0:00:27]} Kh8 {[%emt 0:02:48]} 48. Rb1 {[%emt 0:00:16]} Nf5 {[%emt 0:00:08]} 49. Rg6 {[%emt 0:01:51]} Ng7 {[%emt 0:05:34]} 50. Rbg1 {[%emt 0:02:06]} Be7 {[%emt 0:02:29]} 51. Qh6 {[%emt 0:02:47]} Ne8 {[%emt 0:08:17]} 52. Ng5 {[%emt 0:02:15]} Rd6 {[%emt 0:05:29]} 53. Qxf8+ {[%emt 0:00:31]} Rxf8 {[%emt 0:00:04]} 54. Nf7+ {[%emt 0:00:10]} Rxf7 {[%emt 0:00:03]} 55. Rg8# {[%emt 0:00:05]} 1-0

[Event "EICC 2017"]
[Site "Minsk"]
[Date "2017.06.10"]
[Round "11"]
[White "Kobo, Ori"]
[Black "Antipov, Mikhail Al"]
[Result "1/2-1/2"]
[WhiteElo "2481"]
[BlackElo "2576"]
[Annotator "TA"]
[PlyCount "66"]
[EventDate "2017.??.??"]
[EventCountry "BLR"]
[SourceTitle "playchess.com"]
[Source "ChessBase"]
[SourceQuality "1"]

{[%evp 13,66,38,34,39,49,28,50,28,42,21,27,16,53,46,37,19,22,24,46,-35,-33,-51,0,-10,-10,0,0,0,-7,-11,0,0,-3,-18,63,46,11,29,67,0,14,0,0,-19,-21,-16,0,0,0,0,0,0,0,0,0]} 1. e4 c5 2. Nf3 d6 3. d4 cxd4 4. Nxd4 Nf6 5. Nc3 a6 6. g3 Nc6 7. Bg2 Bd7 8. O-O {B91: Sicilian Najdorf: 6 g3} Rc8 (8... e6 9. Be3 Qc7 10. f4 Na5 11. Bf2 Rc8 12. Qe2 Nc4 13. Rae1 Nxb2 14. e5 Qxc3 15. exf6 gxf6 16. Qh5 Rc5 17. Bd5 Rxd5 18. Qxd5 {1-0 (60) Naiditsch,A (2696)-Saric,I (2668) Monzon 2016}) 9. Nd5 $146 ({Predecessor:} 9. Re1 e6 10. Nxc6 Bxc6 11. Nd5 Be7 12. Nxe7 Qxe7 13. b3 O-O 14. Ba3 Rfd8 15. e5 Ne8 16. Bxc6 Rxc6 {½-½ (73) Inkiov,V (2470)-Bujisho,B (2381) Nice 2001}) 9... e6 {[#] ...Nxd4 is the strong threat.} 10. Nxf6+ {White is slightly better.} Qxf6 11. Be3 h5 12. h4 Qg6 13. b3 Be7 14. Qd2 Nxd4 15. Bxd4 e5 16. Bb2 (16. Be3 $14) 16... Qg4 $15 17. Ba3 Rh6 18. c4 g5 19. hxg5 Bxg5 20. f4 $36 {[%mdl 2048] White has the initiative.} exf4 21. gxf4 Bd8 {[#] aiming for ...Bb6+.} 22. f5 Bg5 {[%cal Bd8g5,Bg5f4,Bf4g3][%mdl 32]} 23. Qd4 h4 (23... Rd8 $11) 24. Kh1 $1 $14 h3 {[%csl Gh3][%cal Rg4g2]} 25. Bf3 Qg3 26. Qg1 (26. Qd3 $1 $14) 26... Bf4 {The position is equal.} 27. Qxg3 Bxg3 28. e5 Bxe5 29. Rae1 Bc6 30. Bxc6+ Rxc6 31. Bxd6 $1 Rcxd6 32. Rxe5+ Kd7 33. Re2 Kc6 {Precision: White = 60%, Black = 47%.} 1/2-1/2

[Event "EICC 2017"]
[Site "Minsk"]
[Date "2017.06.10"]
[Round "11"]
[White "Paehtz, Elisabeth"]
[Black "Banusz, Tamas"]
[Result "1-0"]
[WhiteElo "2481"]
[BlackElo "2616"]
[Annotator "TA"]
[PlyCount "41"]
[EventDate "2017.??.??"]
[EventCountry "BLR"]
[SourceTitle "playchess.com"]
[Source "ChessBase"]
[SourceQuality "1"]

{[%evp 11,41,1,16,6,25,32,127,142,211,214,212,204,514,505,498,522,504,505,493,501,719,715,849,843,835,832,939,935,912,883,1237,939]} 1. d4 d5 2. Bf4 Nf6 3. e3 c5 4. c3 Nc6 5. Nd2 e6 6. Ngf3 Nh5 {LiveBook: 25 Games} 7. Bg5 {D02: 1 d4 d5 2 Nf3 sidelines, including 2...Nf6 3 g3 and 2...Nf6 3 Bf4} Qb6 (7... f6 $5 {[%cal Rf6g5]} 8. Bh4 cxd4 $14) (7... f6 8. Bh4 g6 9. Bd3 cxd4 10. cxd4 Be7 11. O-O Bd7 12. a3 O-O 13. Rc1 Rc8 14. Nb1 Qb6 {1-0 (54) Giri,A (2785)-So,W (2815) chess.com INT 2017}) 8. dxc5 Qxb2 ({Black should play} 8... Bxc5 $14 9. b4 Bf8) 9. Nd4 $16 {[#] Strongly threatening Nb5.White is better.} Nxd4 $146 (9... h6 $16 {might work better.}) ({Predecessor:} 9... Nf6 10. Nb5 Bxc5 11. Nc7+ Ke7 12. Nxa8 Qxc3 13. Nc7 a6 14. Be2 Qa5 15. Nxa6 bxa6 {1-0 (41) Cornette,M (2586)-Astaneh Lopez,A (2417) chess.com INT 2017}) 10. cxd4 $18 {Threatens to win with Rb1.} Nf6 11. Rb1 Qxa2 $2 (11... Qa3 12. Bb5+ Bd7 13. Bxd7+ Nxd7 14. Rxb7 Qa6) 12. Bxf6 {White is clearly winning.} gxf6 13. Bb5+ Kd8 14. Ra1 Qb2 {[#]} 15. Qa4 $1 e5 {intending ...exd4.} 16. O-O {[%cal Bh1f1,Bf1d1,Bd1d3][%mdl 32]} Qxd2 17. Rfd1 Qc3 18. Rac1 Qb2 19. Rb1 Qc3 20. Rd3 exd4 21. exd4 1-0

[Event "EICC 2017"]
[Site "Minsk"]
[Date "2017.06.10"]
[Round "11"]
[White "Ali Marandi, Cemil Can"]
[Black "Jojua, Davit"]
[Result "1/2-1/2"]
[WhiteElo "2479"]
[BlackElo "2581"]
[Annotator "TA"]
[PlyCount "24"]
[EventDate "2017.??.??"]
[EventCountry "BLR"]
[SourceTitle "playchess.com"]
[Source "ChessBase"]
[SourceQuality "1"]

{[%evp 15,24,26,35,18,20,0,-3,0,-3,-2,9]} 1. c4 e6 2. d4 d5 3. Nc3 Be7 4. cxd5 exd5 5. Bf4 c6 6. e3 Bd6 7. Bxd6 Qxd6 8. Bd3 Ne7 {LiveBook: 75 Games. D31: Queen's Gambit Declined: Semi-Slav without ...Nf6 (+ Marshall Gambit and Noteboom) and Exchange Variation lines without ...Nf6} 9. Nge2 (9. Qc2 b6 10. Nf3 Ba6 11. O-O Bxd3 12. Qxd3 Nd7 13. e4 O-O 14. Rfe1 Rfe8 15. Rac1 dxe4 16. Nxe4 {1-0 (54) Nakamura,H (2787)-Fressinet,L (2687) Paris 2016}) 9... Bf5 {The position is equal.} 10. Ng3 $146 ({Predecessor:} 10. Bxf5 Nxf5 11. Qd3 g6 12. O-O-O Nd7 13. f3 O-O-O 14. e4 dxe4 15. fxe4 Ng7 16. Qc4 Qe7 17. e5 Nb6 18. Qb3 f6 19. exf6 Qxf6 {½-½ (19) Pulvett Marin,D (2441)-Gonzalez Perez,A (2466) Sabadell 2013}) 10... Bxd3 11. Qxd3 O-O 12. O-O (12. b4 $5) 12... Nd7 1/2-1/2

[Event "EICC 2017"]
[Site "Minsk"]
[Date "2017.06.10"]
[Round "11"]
[White "Diermair, Andreas"]
[Black "Bogdanovich, Stanislav"]
[Result "1-0"]
[WhiteElo "2474"]
[BlackElo "2596"]
[Annotator "TA"]
[PlyCount "55"]
[EventDate "2017.??.??"]
[EventCountry "BLR"]
[SourceTitle "playchess.com"]
[Source "ChessBase"]
[SourceQuality "1"]

{[%evp 15,55,0,24,22,27,32,29,27,45,33,27,25,55,17,8,5,18,11,9,0,0,0,27,-4,224,224,219,214,224,224,216,140,187,0,0,0,0,0,0,0,1966,1954]} 1. d4 d5 2. c4 c6 3. Nf3 Nf6 4. Nc3 dxc4 5. a4 Bf5 6. Nh4 Bc8 7. Nf3 Bf5 8. Nh4 Bg6 9. Nxg6 {D17: Slav Defence: 5 a4 Bf5: Lines with 6 Nh4 and 6 Ne5} hxg6 10. e3 Na6 $146 ({Predecessor:} 10... e6 11. Bxc4 Bb4 12. O-O Nbd7 13. h3 a5 14. Qb3 Qc7 15. Bd2 g5 16. e4 {½-½ (14) Jankovic,A (2553)-Fressinet,L (2693) Nancy 2012}) 11. Bxc4 {White has an edge.} Nb4 12. a5 e6 13. Qb3 Qd6 14. h3 g5 15. Ra4 g4 $1 16. e4 {[%cal Be3e4,Be4e5][%mdl 32]} gxh3 17. Rxh3 Rxh3 18. gxh3 {Strongly threatening e5.} Nd7 $1 19. Be3 {Threatens to win with e5.} (19. Ne2 $5 {[%cal Rc1f4]} b5 20. axb6 Nxb6 21. Ra5 $11) 19... O-O-O $2 (19... b5 $11 20. axb6 Nxb6) 20. e5 $18 Qe7 {[#]} 21. Ne4 $1 {[%cal Re4d6] And now Nd6+ would win.} Qh4 22. Ng5 Nd5 23. Nxf7 {Bxd5 is the strong threat.} Re8 24. a6 $2 ({White should try} 24. Bxd5 $1 $18 exd5 25. Rb4 Bxb4+ 26. Qxb4 Nxe5 27. Nxe5) 24... N7b6 $1 $11 25. Bxd5 exd5 26. Ng5 Be7 $1 {[%cal Re7g5]} 27. Ne6 $1 Kb8 $2 {[%mdl 8192] [#]} (27... Qxh3 $11 28. Nc5 (28. axb7+ Kb8 $17) 28... Qh1+ 29. Kd2 bxa6) 28. Qxb6 $1 {[%mdl 512] Precision: White = 60%, Black = 60%.} 1-0

[Event "EICC 2017"]
[Site "Minsk"]
[Date "2017.06.10"]
[Round "11"]
[White "Diermair, Andreas"]
[Black "Bogdanovich, Stanislav"]
[Result "*"]
[WhiteElo "2474"]
[BlackElo "2596"]
[Annotator "TA"]
[PlyCount "31"]
[EventDate "2017.??.??"]
[EventCountry "BLR"]
[SourceTitle "playchess.com"]
[Source "ChessBase"]
[SourceQuality "1"]

{[%evp 18,19,20,15]} 1. d4 d5 2. c4 c6 3. Nf3 Nf6 4. Nc3 dxc4 5. a4 Bf5 6. Nh4 Bc8 7. Nf3 Bf5 8. Nh4 Bg6 9. Nxg6 {D17: Slav Defence: 5 a4 Bf5: Lines with 6 Nh4 and 6 Ne5} hxg6 10. e3 {LiveBook: 16 Games} {Predecessor:} e6 $146 11. Bxc4 Bb4 12. O-O Nbd7 13. h3 a5 14. Qb3 Qc7 15. Bd2 g5 16. e4 {½-½ (14) Jankovic,A (2553)-Fressinet,L (2693) Nancy 2012} *

[Event "EICC 2017"]
[Site "Minsk"]
[Date "2017.06.10"]
[Round "11"]
[White "Sarana, Alexey"]
[Black "Saric, Ivan"]
[Result "1/2-1/2"]
[WhiteElo "2472"]
[BlackElo "2618"]
[Annotator "TA"]
[PlyCount "118"]
[EventDate "2017.??.??"]
[EventCountry "BLR"]
[SourceTitle "playchess.com"]
[Source "ChessBase"]
[SourceQuality "1"]

{[%evp 30,118,0,0,8,7,15,0,0,-26,0,0,0,0,0,0,0,0,0,0,0,0,0,0,10,10,10,13,11,8,8,8,10,0,0,0,0,0,0,0,0,0,0,0,0,-9,-9,-8,-8,-11,-8,-8,-8,-8,-12,-22,8,8,16,16,16,16,16,16,16,16,32,8,8,8,8,8,33,37,29,30,30,22,27,8,8,8,8,8,8,8,8,8,8,8,8]} 1. d4 Nf6 2. c4 g6 3. Nc3 Bg7 4. Nf3 d6 5. e4 O-O 6. Be2 e5 7. Be3 exd4 8. Nxd4 Re8 9. f3 c6 10. Bf2 d5 11. exd5 cxd5 12. O-O Nc6 13. c5 Bf8 {E92: King's Indian: Classical: 6 Be2 e5: 7 dxe5, 7 Be3 and Petrosian System without 7...Nbd7} 14. Bb5 (14. Kh1 Bd7 15. Qd2 Rc8 16. Nb3 d4 17. Nxd4 Bxc5 18. Nxc6 Rxc6 19. Bxc5 Rxc5 20. Rad1 Qe7 21. Qd4 {½-½ (38) Inarkiev,E (2732)-Radjabov,T (2722) Monzon 2016}) 14... Bd7 15. Bxc6 bxc6 16. b4 {LiveBook: 6 Games} Nh5 17. Qd2 Qf6 18. g3 Ng7 19. Nce2 $146 {[%cal Bc3e2,Be2f4,Bf4d3,Bd3e5][%mdl 32]} ({Predecessor:} 19. Rfe1 Ne6 20. f4 Bg7 21. Nce2 Nxd4 22. Nxd4 Re4 23. Rxe4 dxe4 24. Re1 Re8 25. Nb5 {½-½ (25) Draganic,V (2328)-Djukic,N (2543) Pljevlja 2015}) 19... Ne6 (19... a5 $5) 20. Nxe6 fxe6 21. f4 $1 e5 22. fxe5 Rxe5 23. Nf4 Qf5 24. Rae1 Rae8 25. Rxe5 Rxe5 26. Bd4 Re8 27. Nd3 Qe4 28. Qf2 {[%csl Gf1][%cal Rf2f7] [#]} Qf5 29. Qxf5 Bxf5 30. Ne5 Bh3 31. Rd1 Re6 32. Kf2 Bg7 33. Nf3 Bg4 34. Bxg7 Kxg7 $11 {[%mdl 4096] Endgame KRB-KRN} 35. Rd4 h5 36. Ng1 Rf6+ 37. Ke1 g5 38. a4 a6 39. h3 Bf5 {[#]} 40. b5 $1 {[%mdl 512]} axb5 41. axb5 cxb5 42. Rxd5 Be6 43. Rxg5+ Kh6 44. Re5 b4 45. Re4 b3 46. Rb4 Kg7 47. Ne2 Rf5 48. Nd4 (48. Nf4 $5 {[%cal Rf4e6]} Bf7 49. c6 $16) 48... Re5+ 49. Kd2 Bxh3 50. c6 {[%cal Bc5c6,Bc6c7][%mdl 32]} Re4 51. c7 Re7 52. Rc4 Bc8 53. Nxb3 {And now Nd4 would win.} Kf7 54. Nd4 {Hoping for Nc6.} Re4 {The position is equal.} 55. Kc3 {Threatens to win with Nb5.} Re3+ 56. Kb4 {aiming for Rc5.} Rxg3 57. Nb5 Rg4 58. Nd6+ Ke6 59. Rxg4 hxg4 {Precision: White = 73%, Black = 75%.} 1/2-1/2

[Event "EICC 2017"]
[Site "Minsk"]
[Date "2017.06.10"]
[Round "11"]
[White "Goryachkina, Aleksandra"]
[Black "Pantsulaia, Levan"]
[Result "1/2-1/2"]
[WhiteElo "2470"]
[BlackElo "2594"]
[Annotator "TA"]
[PlyCount "38"]
[EventDate "2017.??.??"]
[EventCountry "BLR"]
[SourceTitle "playchess.com"]
[Source "ChessBase"]
[SourceQuality "1"]

{[%evp 28,38,46,41,41,42,33,44,42,30,29,21,33]} 1. d4 {[%cal Bd2d4,Bd4d5][%mdl 32]} Nf6 2. c4 c5 3. d5 g6 4. Nc3 Bg7 5. e4 O-O 6. Nf3 e6 7. Be2 exd5 8. exd5 d6 9. O-O Re8 10. h3 Bf5 11. Bd3 {E91: King's Indian: Classical: 6 Be2, unusual replies including 6...c5 and 6...Bg4} (11. Nh4 Bd7 12. Bd3 Ng4 13. Nf3 Ne5 14. Nxe5 Bxe5 15. Bd2 Na6 16. a3 f5 17. Qc1 Qf6 18. Bg5 Qf7 {1-0 (38) Van Wely,L (2657)-Reinderman,D (2584) Amsterdam 2016}) 11... Ne4 12. Nxe4 Bxe4 13. Bxe4 Rxe4 14. Qd3 Re8 15. Bg5 {LiveBook: 3 Games} Qb6 16. Rae1 $146 Nd7 17. b3 Qa5 18. Rxe8+ Rxe8 19. a4 Qc3 1/2-1/2

[Event "EICC 2017"]
[Site "Minsk"]
[Date "2017.06.10"]
[Round "11"]
[White "Kharchenko, Boris"]
[Black "Buhmann, Rainer"]
[Result "1/2-1/2"]
[WhiteElo "2468"]
[BlackElo "2596"]
[Annotator "TA"]
[PlyCount "119"]
[EventDate "2017.??.??"]
[EventCountry "BLR"]
[SourceTitle "playchess.com"]
[Source "ChessBase"]
[SourceQuality "1"]

{[%evp 24,119,33,25,25,-11,-7,-14,-21,-17,-13,-16,-6,-21,0,0,29,0,0,-9,-9,-37,-39,-51,-51,-122,-110,-117,-113,-104,-92,-81,-84,-75,-79,-99,-97,-99,-100,-101,-101,-100,-112,-181,-174,-172,-98,-116,-129,-131,-45,-178,-133,-133,-133,-133,-81,-128,-128,-127,-127,-125,-127,-149,-156,-187,-189,-166,-163,-169,-162,-209,-205,-270,-270,-270,-270,-270,-270,-270,-270,-270,-20,-20,-20,-20,-16,-16,-16,-16,0,0,0,0,0,0,8,0]} 1. e4 e6 2. d4 d5 3. Nd2 c5 4. exd5 Qxd5 5. Ngf3 cxd4 6. Bc4 Qd8 7. O-O Nc6 8. Nb3 a6 {C07: French Tarrasch: 3...c5, 4 Ngf3 and 4 exd5 Qxd5} 9. Nbxd4 Nxd4 10. Nxd4 Qc7 11. Bb3 Bd6 12. Qh5 Nf6 13. Qh4 {LiveBook: 6 Games} Bd7 {[%cal Bc8d7,Bd7b5,Bb5c6,Bc6e4][%mdl 32] [#]} 14. Ne2 $146 ({Predecessor:} 14. Bg5) 14... O-O-O 15. Bf4 Bxf4 16. Qxf4 Bb5 17. c4 Bc6 18. Rfd1 Be4 19. Qe3 Kb8 (19... Rxd1+ {feels hotter.} 20. Rxd1 Rd8 21. Rxd8+ Kxd8 22. c5 Bd5) 20. f3 Bg6 21. a3 Nd7 {[%cal Bf6d7,Bd7e5,Be5d3][%mdl 32]} 22. Ba2 Qe5 23. Qxe5+ Nxe5 24. f4 (24. Nf4 $15) 24... Nd3 $17 25. Rd2 Kc7 26. Kf1 a5 27. g3 e5 {[%cal Be6e5,Be5f4,Bf4g3][%mdl 32]} 28. Nc3 exf4 29. Nd5+ Kb8 30. Rad1 fxg3 31. Rxd3 Bxd3+ 32. Rxd3 gxh2 33. Kg2 (33. Rh3 $17) 33... Rhe8 $19 {Strongly threatening ...Re2+.} 34. Rd2 a4 (34... g5 $19 35. Kxh2 Re4) 35. Kxh2 $17 Re1 36. Rf2 Ra1 (36... f6 $17 37. Nc3 Rd4) 37. Nb4 (37. Nc3 $15) 37... Rdd1 38. c5 Rh1+ 39. Kg2 Rag1+ 40. Kf3 Rf1 41. Bxf7 Rxf2+ 42. Kxf2 Rh2+ 43. Ke3 Rxb2 44. c6 bxc6 45. Nxc6+ Kc7 46. Nd4 Rb8 47. Ke4 Rb1 48. Kd5 g5 {[%cal Bg7g5,Bg5g4][%mdl 32]} 49. Bh5 Kb6 50. Nc2 Rh1 51. Be8 g4 {[#] White must now prevent ...g3.} 52. Ke4 h5 $2 ({Black should try} 52... Rf1 $19 {Hoping for ...g3.} 53. Ne3 g3 54. Bxa4 Rf2) 53. Bxa4 $11 {The position is equal.} h4 (53... Kc7 $5 {[%cal Rh1f1]} 54. Ne3 g3 $11) 54. Ne3 $1 Rg1 {...h3 is the strong threat.} 55. Bd7 h3 56. Nxg4 Kc7 57. Bf5 Re1+ 58. Kf4 Rf1+ 59. Kg5 Rh1 60. Be4 {Precision: White = 51%, Black = 68%.} 1/2-1/2